[Event "Wijk aan Zee"]
[Site "Wijk"]
[Date "2002.01.13"]
[Round "2"]
[White "Adams, Michael"]
[Black "Grischuk, Alexander"]
[Result "1-0"]
[WhiteElo "2742"]
[BlackElo "2671"]
[Annotator "Adams, Michael"]
[PlyCount "85"]
[EventDate "2002.10.01"]
[EventType "team"]
[EventCountry "NED"]
[Source "EDAMI"]
[SourceDate "2006.12.20"]

1. e4 e5 2. Nf3 Nc6 3. Bb5 a6 4. Ba4 Nf6 5. O-O Be7 6. Re1 b5 7. Bb3 d6 8. c3
O-O 9. h3 Re8 10. d4 Bb7 11. Nbd2 Bf8 12. a3 {La elección de apertura de mi
oponente me sorprendió, y por ello elegí una línea secundaria, aunque creo que
tampoco con ella es fácil para las negras igualar.} g6 13. Ba2 Bg7 14. b4 ({
También era posible} 14. d5 Ne7 15. Nf1 c6 16. dxc6 Bxc6 17. Ng3 {
pero la de la partida es más lógica, ganando espacio en el flanco de dama.})
14... a5 ({Parece extraño conceder el centro con} 14... exd4 15. cxd4 {
pero entonces} a5 {da a las negras mucha actividad.}) 15. d5 Ne7 ({
Menos crítica es} 15... Nb8 16. Nb3 {que da a las blancas una ventaja
confortable pues no hay que preocuparse de posibles sacrificios en el centro.})
16. Bb2 ({Durante la partida pensé que} 16. Nb3 {era malo, pero en realidad es
bastante incierto, y una continuación crítica pues las negras deben sacrificar
material o aceptar una partida inferior. De todas formas, los análisis
sugieren que las negras están bien:} axb4 17. axb4 (17. cxb4 Nxe4 18. Rxe4 Bxd5
19. Re1 e4 20. Nfd4 c5 {es bueno para las negras}) 17... Nxe4 (17... Nfxd5 18.
exd5 Bxd5 19. Na5 {es menos efectivo}) 18. Rxe4 Nxd5 ({también es posible} 
18... Bxd5 19. Re1 e4 20. Nfd4 c5 21. Ne2 cxb4 22. Bg5 Bc4 {
con una posición confusa}) 19. Na5 Rxa5 ({mejor es} 19... Nxc3 20. Nxb7 Rxa2
21. Rxa2 Qc8 22. Qb3 Nxe4 23. Na5 c5 {con razonable compensación}) 20. bxa5
Nxc3 21. Bxf7+ Kf8 22. Qc2 Nxe4 23. Bxe8 Kxe8 {donde las blancas están
probablemente mejor. Las negras deben elegir alguna de las alternativas antes})
({En cambio} 16. c4 axb4 17. cxb5 bxa3 18. Bc4 Nfxd5 {no presenta problemas
para el negro. Creo que la jugada que realicé en la partida es la más lógica,
ya que las blancas simplemente completan el desarrollo, intentando Nb3 más
tarde.}) 16... Nh5 ({La otra opción es jugar en el centro con} 16... axb4 17.
axb4 c6 18. dxc6 Bxc6 19. c4 bxc4 20. Bxc4 Rxa1 21. Bxa1 {pero esta posición
parece un poco mejor para las blancas, pues el punto f7 es bastante vulnerable.
}) 17. Nb3 axb4 18. axb4 {Durante la partida me sentí feliz con esta recaptura,
pero más tarde el contrajuego en el flanco de rey llegó antes de lo que
esperaba, debido a la excelente vigésima jugada de mi adversario.} ({
Era probablemente mejor jugar} 18. cxb4 Bc8 19. Na5 Nf4 20. Rc1 ({
más lógica que} 20. Bc1 {
que se jugó en Kuporosov -Ibragimov. Cto Ruso 1989) con cierta ventaja.}))
18... Bc8 19. Na5 Nf4 20. c4 g5 $1 {Las negras aprovechan el momento de
empezar el juego en el flanco de rey mientras la mayoría de las fuerzas
blancas están ocupadas en el otro lado del tablero. Ahora el juego se vuelve
extremadamente agudo, llevando a un gran número de posiciones inusuales, que
son difíciles de valorar. Creo que las posibilidades están más o menos
equilibradas, pero ambos bandos tienen que proceder con extrema precisión.} ({
Ambos bandos han seguido sus respectivos planes, pero ahora tras} 20... bxc4
21. Bxc4 Bd7 22. b5 {las blancas tienen una agradable ventaja, con presión en
el flanco de dama. Alexander encuentra una muy imaginativa jugada, cambiando
completamente el carácter de la partida.}) 21. cxb5 {En una partida en vivo,
ésta no es una decisión muy difícil. Si acepto el sacrificio del peón, existe
una definida compensación y casi todas las piezas negras pueden unirse al
ataque, mientras los defensores están sin espacio. Yo preferiría jugar aquí
con las negras, aunque mi ordenador no está de acuerdo.} ({Tras} 21. Nxg5 Neg6
({menos bueno es} 21... Bf6 22. Nf3 Kh8 23. Bc1 Rg8 24. Bxf4 exf4 25. Kh1 {
con buena posición para las blancas}) 22. Nf3 {yo temía principalmente} Qd7 23.
Re3 Nxg2 24. Kxg2 Qxh3+ 25. Kg1 Bh6 26. Rc3 Qg4+ (26... Nf4 27. Ne1 Qh4 28.
Rg3+ Kh8 {es también posible, pero no parece demasiado convincente}) 27. Kh1
Qxe4 {y mi rey parece algo inseguro.}) 21... g4 22. Nh2 $1 {De nuevo una
simple decisión práctica, un peón es un precio pequeño a cambio de una mayor
seguridad para el rey. De hecho, el peón negro en h3 es, con frecuencia, una
molestia para las negras, pues le impide utilizar esta casilla para sus piezas.
} ({Si, en su lugar} 22. hxg4 Bxg4 {
la clavada del caballo parece muy peligrosa tras} 23. Bc4 (23. g3 Nh3+ 24. Kg2
Ng5 {es fuerte}) 23... Neg6 24. Nc6 Qf6) 22... gxh3 23. g3 Neg6 {Una difícil
decisión. Aunque esta jugada tiene la importante idea de permitir el paso de
la dama al flanco de rey, las negras también quieren abrir más líneas
avanzando el peón f o el h. En general, jugar h5-h4 es demasiado lento, pero
aquí existe la oportunidad de romper de inmediato con el otro peón mediante} (
23... Ng2 24. Rf1 f5 {y ahora tras} 25. Nc6 Qd7 ({Alternativamente} 25... Nxc6
26. dxc6+ Kh8 27. Bf7 Rxa1 28. Bxa1 Rf8 29. Qh5 Qf6 30. Bd5 f4 {
también parece muy jugable.}) 26. Bxe5 {no funciona debido a} ({
las blancas deben jugar} 26. exf5 Qxf5 27. Qd2 {con complicaciones.}) 26...
Bxe5 ({no} 26... dxe5 $2 27. d6+ Rxa2 28. Nxe7+ Rxe7 29. dxe7 Rxa1 30. Qb3+ Kh8
31. Qf7 {ganando}) 27. Nxe5 dxe5 28. d6+ Rxa2 29. Rxa2 cxd6 30. Rd2 Rd8 {
con gran ventaja de las negras,}) 24. Bb1 Qg5 ({Más preciso que} 24... Bd7 25.
Nc6 Qg5 26. Rxa8 Rxa8 27. Kh1 ({menos bueno es} 27. Re3 h5) 27... Ng2 28. Bc1
Qf6 29. Rf1 {donde las blancas tienen todo bajo control.}) 25. Bc1 Bd7 $2 {
Un grave error, tal vez motivado por el apuro de tiempo, pero que resulta
decisivo, pues ahora la clavada me permite ganar una pieza de modo forzado con
una simple maniobra.} ({Era esencial preparar una casilla de retirada para la
dama negra a lo largo de la columna g mediante} 25... Ne7 {esto parece más
lógico que 25..Nf8 con lo que la posición resulta muy interesante. Entonces}
26. Kh1 (26. Bd3 Qg6 27. Bf1 h5 28. Kh1 Ng2 29. Re2 h4 {parece más prometedor
para las negras, pues han conseguido dañar la estructura del flanco de rey})
26... Qg6 27. Rg1 ({lamentablemente la obvia} 27. Ra3 $2 {
es una pifia táctica por} Nfxd5) 27... Ng2 {
ofrece a las blancas varias opciones. Las complicaciones tras} 28. Ra3 ({
Mejor es} 28. g4 Bh6 (28... Nf4 $2 29. Bxf4 exf4 30. Ra3 {
es bueno para las blancas}) (28... Bd7 29. Ra3 Bh6 30. Rxh3 Bxc1 31. Rxg2 Bg5
32. Bd3 {es también ligeramente favorable}) 29. Qf3 (29. Ra3 $2 Bxc1 30. Qxc1
Nf4 31. Qxc7 Ne2 {es muy peligroso}) 29... Bxc1 30. Rxc1 Bd7 31. Bd3 Rec8 32.
Nc6 Bxc6 33. bxc6 Nf4 34. Bf1 {y la posición es todavía incierta.}) 28... f5
29. Rc3 fxe4 30. Rxc7 Nf5 31. Nc6 Qxg3 ({pero} 31... e3 {
supone un gran obstáculo e invierte la valoración}) 32. Qh5 Qg6 33. Qxh3 {
resultan ganadoras para las blancas,}) ({Naturalmente} 25... h5 $2 26. Kh1 h4
27. Rg1 {no es mejor para las negras que lo que ocurrió en la partida.}) 26.
Kh1 $1 f5 ({La posición tras} 26... Bxb5 {es muy complicada pero si las
blancas juegan con precisión deben quedarse con una pieza más. En varias
líneas mi rey resulta completamente despojado de la protección de los peones,
pero hay muchas piezas para defenderlo.} 27. Rg1 Be2 28. Qb3 Qh5 29. gxf4 exf4
30. Ra2 Bd4 31. Bxf4 (31. Qc2 f3 {es más agudo}) 31... Bxf2 32. Ng4 (32. Rg5
Qh4 33. Be3 Bd1 34. Qd3 Bxe3 35. Qxe3 {es también bueno}) 32... Qh4 (32... Bxg4
33. Rxf2 {es decisivo}) 33. Bg5 Qxg5 34. Nxf2 Qh5 35. Rg3 Bf1 36. Kh2 {
debe ser ganador.}) ({También es demasiado tarde para} 26... Ne7 {pues} 27. Rg1
{todavía gana una pieza.}) 27. Rg1 Qf6 ({Las negras también pueden probar} 
27... fxe4 28. gxf4 Qh4 29. fxe5 Rxe5 30. Ra2 Rf8 {pero} 31. Nc6 $1 Bxc6 32.
bxc6 Rxf2 33. Rxf2 Qxf2 34. Ng4 {barre todo. En general resulta claro que no
debe existir suficiente compensación por la pieza contra un juego preciso.})
28. exf5 ({También era posible} 28. gxf4 exf4 29. Ra2 fxe4 30. Bb2 Qf8 31. Bxg7
Qxg7 32. Re2 {con ventaja, pero yo estaba contento con simplificar la posición
todo lo posible.}) 28... Bxf5 29. Bxf5 ({Otra opción era} 29. gxf4 $5 exf4 30.
Qh5 Qxa1 (30... Bxb1 31. Rxb1 {debe ser ganadora}) 31. Bxf5 {con un poderoso
ataque. Pero nuevamente, no hay nada malo en elegir lo simple y capturar
material.}) 29... Qxf5 30. gxf4 exf4 31. Ra3 Qe4+ {
La mejor posibilidad, tomando cuantos peones sea posible} ({
más fácil para las blancas es} 31... Rab8 32. Nc6 Rxb5 33. Ra5) 32. Qf3 Qxb4
33. Nc6 Qxb5 {Parece natural mantener las damas, pero el rey negro resulta
estar en mayor peligro que el blanco. Por consiguiente, una mejor posibilidad
era} (33... Rxa3 34. Nxb4 (34. Bxa3 Qxb5 {es una versión de la partida mucho
mejor, pues las negras controlan la columna e}) 34... Rxf3 35. Nxf3 Re2 {
donde aún queda un trabajo técnico por hacer. Quizá mejor es} 36. Rf1 ({
En su lugar} 36. Nd3 Rc2 37. Kh2 Rc3 38. Nfe1 Rb3 {parece menos fuerte.}) 36...
Re4 37. Na6 Rc4 38. Ng5 Bd4 (38... Ne7 39. Ne6 Nxd5 40. Rg1) 39. Nxh3 Bb6 {
pero las negras todavía luchan}) 34. Rxa8 Rxa8 35. Qe4 $1 {Curiosamente, ahora
las piezas negras han sido apartadas y su rey se encuentra en peligro.} Qc5 36.
Ng4 {Una buena jugada, manteniendo el control de la posición y trayendo otra
pieza cerca del rey negro} (36. Bxf4 Nxf4 37. Ne7+ Kh8 38. Qxf4 Qd4 {
es menos convincente.}) 36... Rf8 (36... Ra1 37. Qe8+) (36... Kh8 37. Bd2 {
como en la partida.}) 37. Bd2 Kh8 38. Bb4 (38. Kh2 {
era también bueno, ya que si} h5 39. Qxg6 hxg4 40. Qh5+ {las blancas ganan.})
38... Qb5 39. Kh2 f3 40. Bd2 Qe2 41. Be3 $1 {
Mantener las damas termina la partida muy rápidamente.} Rf4 42. Qb1 Rf7 (42...
Rf8 43. Nd4 Qc4 44. Ne6) 43. Nd8 {
Las negras abandonaron, antes de que el caballo se instale en e6.} 1-0

[Event "Wijk aan Zee"]
[Site "Wijk"]
[Date "2002.01.13"]
[Round "2"]
[White "Van Wely, Loek"]
[Black "Timman, Jan H"]
[Result "0-1"]
[WhiteElo "2697"]
[BlackElo "2605"]
[Annotator "Rodríguez, Am"]
[PlyCount "58"]
[EventDate "2002.10.01"]
[EventType "team"]
[EventCountry "NED"]
[Source "EDAMI"]
[SourceDate "2006.12.20"]

1. d4 Nf6 2. c4 e6 3. g3 c5 4. d5 exd5 5. cxd5 d6 6. Nc3 g6 7. Bg2 Bg7 8. Nf3
O-O 9. O-O a6 10. a4 Re8 11. Nd2 Nbd7 12. h3 Rb8 13. Nc4 Ne5 14. Na3 Nh5 15. e4
Rf8 {Diagram # Ambos rivales se han enfrascado en una larga variante teórica
de la Defensa Benoni que Timman había empleado hace 22 años en uno de los
conocidos torneos holandeses} 16. Kh2 ({
En aquella partida Timman sacrificó rápidamente una pieza después de} 16. g4
Qh4 17. gxh5 Bxh3 18. h6 Bh8 19. Ne2 (19. Qe2 $5) 19... f5 20. exf5 Rxf5 21.
Ng3 Rbf8 {Las negras amplian su oferta a una torre completa} 22. Nxf5 Rxf5 23.
Qb3 Bxg2 24. Kxg2 Qe4+ $1 25. f3 Nxf3 26. Qxf3 Rxf3 27. Rxf3 Qe2+ 28. Rf2 Qg4+
{con ventaja que las negras terminaron por realizar en 40 jugadas,
Scheeren-Timman, Leeuwarden 1980}) 16... f5 17. f4 b5 {Esta posición, en que
la batalla está al rojo vivo, fue discutida en tres ocasiones en el año 1982,
sobre todo en aquella célebre partida en que Kasparov derrotó con negras a
Korchnoi en la Olimpiada de Lucerna 1982} 18. axb5 (18. fxe5 $6 Nxg3 $1 19.
Kxg3 Bxe5+ 20. Kf2 Qh4+ $5 21. Kg1 Qg3 22. Rf3 Qh2+ 23. Kf1 $2 Bd7 $1 {
con muy fuerte ataque, Birnboim-Arnason, Randers 1982}) 18... axb5 {Diagram #}
19. fxe5 $2 {Sorprendentemente Van Wely opta por una continuación que es
conocida como la peor} (19. Naxb5 fxe4 20. Bxe4 (20. Na7 e3 21. Qe2 Nxg3 22.
Kxg3 g5 23. f5 Bxf5 $13 {Alburt,L-Olafsson,H/Reykjavik 1982}) 20... Bd7 21. Qe2
Qb6 22. Na3 Rbe8 23. Bd2 (23. Qg2 $5 {es la opción más reciente contra la cual
las negras todavía no han mostrado nada convincente.} g5 (23... c4 24. Bd2 Qb8
25. Rab1 (25. g4 Nf6 26. fxe5 Nxe4 27. Nxe4 Bxe5+ 28. Kh1 Bxb2 29. Rxf8+ Rxf8
30. Rb1 Qb3 31. Bc3 {1-0 Lacrosse-Piceu, Gent 2000}) 25... Qc8 26. Rbe1 Nd3 27.
Bxd3 cxd3 28. Rxe8 Rxe8 29. Re1 $14 {Lacrosse-Piceu, Gent 2000}) (23... Qb3 {
Gagarin} 24. Bc2 Qb4 25. Bd2 Nc4 26. Nxc4 Qxc4 27. Rfe1 $16 {
Sloth,J-Sterud,E/corr/1984/0,5 (67)/}) 24. fxg5 Rxf1 25. Nc4 Qb3 26. Qxf1 Rf8
27. Qe2 Bb5 28. Qxh5 Rf2+ 29. Kg1 {
1-0 Burger,K-Bergmann,T/Reykjavik 1984/MCD (29)}) 23... Qxb2 24. fxe5 Bxe5 25.
Nc4 Nxg3 {con ataque decisivo, Kortschnoj-Kasparov, Luzern 1982}) 19... Nxg3
20. Rf3 ({Sacar el rey a pasear con} 20. Kxg3 Bxe5+ 21. Kf2 {no parece nada
promisorio porque las negras primero recuperarían una pieza con b4 y después
irían por el rey blanco indefenso en el centro del tablero}) 20... Bxe5 21.
Naxb5 ({En caso de} 21. Rxg3 {las negras contestarian simplemente} h5 {
creando una situación incómoda para las blancas}) 21... Qh4 22. exf5 Bxf5 (
22... Nxf5+ $5 23. Kg1 Bd7 {era una opción de ataque digna de consideración.
Las blancas tienen una pieza de ventaja pero aún así sus posibilidades de
supervivencia no parecen ser muchas.}) 23. Ra4 Be4 $2 {
Un error importante que pudo cambiar el curso de la partida} ({mucho mejor era
} 23... c4 24. Kg1 Bd7 {y las negras mantienen un fuerte ataque}) 24. Rxf8+ $2
({la única continuación posible era} 24. Nxe4 Nxe4+ 25. Kg1 Rxf3 26. Qxf3 Qe1+
27. Qf1 Qg3 28. Rxe4 Qh2+ 29. Kf2 Rf8+ 30. Ke2 Rxf1 31. Kxf1 Qg3 32. Be3 {
y las blancas construyen una fortaleza defensiva difícil de destruir.}) 24...
Rxf8 25. Kg1 Ne2+ $1 26. Qxe2 Qg3 {Diagram # La diagonal h2-e5 y la columna f
son dos factores demasiado poderosos ante los cuales las blancas quedan
completamente indefensas.} 27. Bf4 Qxf4 28. Bxe4 Qg3+ 29. Kh1 Rf1+ 0-1

[Event "Wijk aan Zee"]
[Site "Wijk"]
[Date "2002.01.15"]
[Round "3"]
[White "Gelfand, Boris"]
[Black "Adams, Michael"]
[Result "0-1"]
[WhiteElo "2703"]
[BlackElo "2742"]
[Annotator "Rodríguez, Am"]
[PlyCount "78"]
[EventDate "2002.10.01"]
[EventType "team"]
[EventCountry "NED"]
[Source "EDAMI"]
[SourceDate "2006.12.20"]

{Son pocos los jugadores que mantienen el Marshall como apertura activa
principal en su repertorio de aperturas, pero más pocos todavía los que con
blancas permiten y entran en este ataque peculiar que sacrifica el peón de rey
para obtener una temprana iniciativa. En los últimos años Adams ha intentado
plantear el Marshall en poco más de 50 ocasiones y de ellas en una mitad lo ha
conseguido, en la otra ha debido enfrentar las llamadas líneas "Anti Marshall",
como ocurre en la siguiente partida} 1. e4 e5 2. Nf3 Nc6 3. Bb5 a6 4. Ba4 Nf6
5. O-O Be7 6. Re1 b5 7. Bb3 O-O 8. h3 Bb7 9. d3 d6 10. a3 {Diagram # Un
sistema muy sutil, que se ha hecho extremadamente popular. Las blancas
postergan la habitual jugada c2-c3 para mantener la opción de sacar el caballo
por esa casilla. Para mantener el poderoso alfil español se requiere darle una
casilla de escape y esa es la que provee el enigmático movimiento a2-a3} Na5 (
10... Nb8 11. Nbd2 Nbd7 12. Nf1 Re8 13. Ng3 c6 14. Nf5 Bf8 15. Nh2 d5 16. Qf3
Kh8 17. Bg5 {con iniciativa de las blancas, Shirov-Adams, Wijk aan Zee 1998}) (
10... Qd7 11. Nc3 Rae8 12. a4 b4 13. Nd5 Nxd5 14. Bxd5 Na5 15. Bxb7 Nxb7 16. d4
Bf6 17. dxe5 Bxe5 18. Nxe5 Rxe5 19. b3 Nc5 20. Bb2 Rxe4 21. Rxe4 Nxe4 22. Qd4
Nf6 23. Qxb4 Re8 24. Qc4 $14 {
con pequeña ventaja blanca, Polgar,J-Adams, Wijk aan Zee 1998}) 11. Ba2 c5 12.
Nc3 Nc6 13. Ne2 Bc8 14. Ng3 Be6 15. Nf5 $6 ({Era mejor posiblemente} 15. Bxe6
fxe6 16. c3 {aunque las negras tienen una posición normal y confortable}) 15...
Bxf5 16. exf5 Qd7 17. g4 h6 {Diagram # Una posición curiosa porque
aparentemente las blancas están bien, cuentan con la pareja de alfiles que
disfrutan de largas diagonales y tienen ventaja de espacio en el flanco rey.
Sin embargo, pronto veremos que las negras disponen de suficientes recursos
para neutralizar a su rival.} 18. c3 ({parece más agresiva} 18. Nh2 Rfe8 19. h4
Nh7 20. Nf3 {pero el peón blanco en f5 necesita protección y las negras pueden
responder sencillamente} Bf8 {
con idea de avanzar el peón a d5 y así frenar el alfil blanco en a2}) 18...
Rfe8 19. b4 cxb4 20. cxb4 Bd8 ({
según comento el propio Adams después de la partida} 20... a5 $1 {hubiera sido
una jugada mucho mas precisa en esta posición para no otorgar a las blancas
una posibilidad que poco después pudieron disponer}) 21. Bb2 $2 (21. Be3 a5 22.
Qd2 {con cierto contrajuego, las negras deben estar alertas ante un posible
sacrificio de pieza en h6}) 21... a5 22. bxa5 Bxa5 23. Re2 Bb6 24. Qb3 $2 (24.
d4 e4 25. d5 exf3 26. Rxe8+ Rxe8 27. dxc6 Qxc6 28. Bxf6 gxf6 29. Bd5 Qc3 30.
Bxf3 Qb2 $1 31. Qf1 Bxf2+ $19) (24. Rc2 Ra4 25. Rac1 Na5 {lleva a una posición
dificil para las blancas pero ciertamente Gelfand debía haber jugado de esa
manera}) 24... Qb7 $1 25. Qd1 Ra4 26. Rc2 Ne7 27. Nh2 (27. Bc1 Nxg4 28. hxg4
Rxg4+ 29. Kf1 Nxf5 30. Bb2 Rf4) 27... Ned5 28. Qf3 Rf4 29. Qg2 (29. Qg3 Rc8 30.
Rac1 Rxc2 31. Rxc2 b4) 29... e4 30. Re1 {#} (30. d4 Qa7 31. Rd1 b4 32. Bxd5
Nxd5 33. axb4 Nxb4 {para entrar en d3}) 30... Rxf2 $1 {Diagram #} 31. Rxf2 Nf4
32. Qg3 Bxf2+ 33. Kxf2 Nxd3+ 34. Kf1 Nxb2 35. h4 Qd7 $1 36. Kg2 Nd3 37. Rf1 e3
38. g5 hxg5 39. hxg5 Nh5 0-1

[Event "Wijk aan Zee"]
[Site "Wijk"]
[Date "2002.01.20"]
[Round "7"]
[White "Khalifman, Alexander"]
[Black "Van Wely, Loek"]
[Result "1-0"]
[WhiteElo "2688"]
[BlackElo "2697"]
[Annotator "Rodríguez, Am"]
[PlyCount "63"]
[EventDate "2002.10.01"]
[EventType "team"]
[EventCountry "NED"]
[Source "EDAMI"]
[SourceDate "2006.12.20"]

1. e4 c5 2. Nf3 d6 3. d4 cxd4 4. Nxd4 Nf6 5. Nc3 a6 6. f3 e6 7. Be3 h5 {
Una manera extravagante de enfrentar el ataque inglés que tanto en esta como
en otras posiciones similares ocurre en la práctica actual con insólita
frecuencia.} 8. Qd2 Nbd7 9. Bc4 {Esta jugada representa un elemento novedoso
en la posición pues no es nada usual llevar el alfil a c4 en esquemas como
este.} Ne5 (9... b5 $2 10. Bxe6 $1 fxe6 11. Nxe6 Qa5 12. b4 $1 Qxb4 13. Nc7+
Kd8 14. Nxa8 {ganando la calidad}) (9... Nc5 {era posible, insistiendo en el
avance b7-b5 que de las blancas evitar con a2-a4 perderían la opción a enrocar
largo}) 10. Bb3 b5 11. O-O-O Bb7 12. Bg5 {Diagram #} Qa5 ({
parece más sana y natural} 12... Be7 {desarrollando y controlando el centro.})
13. Kb1 Nc4 14. Bxc4 bxc4 15. Rhe1 Rb8 $6 ({de nuevo parecía más prudente jugar
} 15... Be7) 16. Nf5 $3 {Diagram #} exf5 ({no había tiempo para defender el
peón en d6 porque las negras reciben un mate sorpresa después de la secuencia
forzada} 16... Rd8 17. Bxf6 gxf6 18. Nd5 $1 Qxd2 19. Nxf6#) 17. e5 $1 Bc8 (
17... Nd5 18. Nxd5 Qxd2 19. Rxd2 Bxd5 20. Rxd5 {
conduce a un triste final sin esperanzas}) (17... dxe5 {es todavía peor por}
18. Bxf6 {amenazando mate en d7}) (17... Nh7 {
era la mejor defensa aunque después de} 18. exd6+ Kd7 19. Re7+ Bxe7 20. dxe7+ {
las negras se ven obligadas a jugar} Bd5 {con muy mala pinta}) 18. exf6+ Be6
19. fxg7 Bxg7 20. Qxd6 $1 {Diagram # Las blancas buscan un rápido remate sin
temor al contraataque de su rival} Rxb2+ 21. Kxb2 Qxc3+ 22. Kc1 Qb2+ 23. Kd2
Qd4+ {Van Wely se ve obligado a cambiar damas, entrando en un final perdido}
24. Qxd4 Bxd4 25. Ke2 Bb6 26. Rb1 Bc7 27. Rb7 {
Khalifman no pierde tiempo y remata este final con gran efectividad} Bxh2 28.
f4 O-O 29. Rh1 Bg3 30. Rxh5 Kg7 31. Bh6+ Kg6 32. Rg5+ $1 {Diagram # Las negras
abandonan porque la torre de b7 regresa a la primera fila para dar mate en h1}
1-0